Zprostředkovatelská činnost bank ve střední Evropě: část I. - Mezinárodní analýza efektivnosti

Pokus o komplexnú analýzu efektívnosti sprostredkovateľskej funkcie bánk v štyroch tranzitívnych krajinách strednej Európy (Česko, Maďarsko, Poľsko, Slovensko). Aplikácia neparametrickej metódy Data Envelopment Analysis (DEA). Efektívnosť a spôsoby jej merania. Teoretické vymedzenie efektívnosti. Me...

Descripción completa

Guardado en:
Detalles Bibliográficos
Autor principal: Stavárek, Daniel
Formato: Capítulo de libro
Lenguaje:checo
Materias:
Etiquetas: Agregar Etiqueta
Sin Etiquetas, Sea el primero en etiquetar este registro!

MARC

LEADER 00000naa$a2200000$$$4500
001 0027835
005 20231107071204.6
041 0 |a cze 
044 |a CZ 
245 1 0 |a Zprostředkovatelská činnost bank ve střední Evropě: část I. - Mezinárodní analýza efektivnosti  |c Daniel Stavárek 
520 |a Pokus o komplexnú analýzu efektívnosti sprostredkovateľskej funkcie bánk v štyroch tranzitívnych krajinách strednej Európy (Česko, Maďarsko, Poľsko, Slovensko). Aplikácia neparametrickej metódy Data Envelopment Analysis (DEA). Efektívnosť a spôsoby jej merania. Teoretické vymedzenie efektívnosti. Metódy merania efektívnosti. Medzinárodná analýza efektívnosti. Použité dáta a výber premenných. Výsledky empirickej analýzy. Rozbor príčin nižšej efektívnosti bánk v krajinách V-4. Závery výskumu. 
610 2 0 |a banky 
610 2 0 |a efektívnosť 
610 2 0 |a analýzy 
610 2 0 |a Maďarsko 
610 2 0 |a Česko 
610 2 0 |a Slovensko 
610 2 0 |a Poľsko 
610 2 0 |a sprostredkovatelia 
610 2 0 |a Vyšehradská štvorka 
610 2 0 |a operácie bankové 
610 2 0 |a metódy 
100 1 |a Stavárek, Daniel